| 000 | 00877nam a22001817a 4500 | ||
|---|---|---|---|
| 008 | 110823s2003 le|||||r|||| 000 0 ara d | ||
| 020 | _a995329724x | ||
| 082 |
_222 _bم و و _a320.973 |
||
| 100 | 1 |
_926856 _aموور، مايكل |
|
| 240 | _aStupid White Men | ||
| 245 |
_aرجال بيض أغبياء / _cتأليف مايكل موور ؛ ترجمة مركز التعريب والبرمجة |
||
| 260 |
_aبيروت : _bالدار العربية للعلوم ، _c2003. |
||
| 300 |
_a288 ص ؛ _c24 سم . |
||
| 651 |
_929584 _aالولايات المتحدة الأمريكية _xسياسة وحكومة |
||
| 710 |
_926858 _aمركز التعريب والترجمة _eمترجم |
||
| 942 |
_2ddc _cBB |
||
| 999 |
_c15897 _d15897 |
||